Statistics for Which One Doesn't Belong #1

Click here to take the quiz!

General Stats

  • This quiz has been taken 30,600 times
    (30,551 since last reset)
  • The average score is 12 of 18

Answer Stats

Question Answer % Correct
AnimalsDuck
95%
AstronomyPluto
87%
GeographyManitoba
84%
SongsPaint It Black
78%
Movie charactersHagrid
77%
CountriesBolivia
77%
ChemistryBrass
75%
MoviesTitanic
72%
RiversThames
70%
European CitiesZürich
68%
ChemistryCalcium
66%
MountainsThe Matterhorn
65%
ClothingCravat
64%
PeopleBenjamin Franklin
63%
Ancient structuresStonehenge
58%
MoviesThe Muppets Take Manhattan
57%
QueensMarie Antoinette
55%
AstronomyCeres
28%

Score Distribution

Percentile by Number Answered

Percent of People with Each Score

Your Score History

You have not taken this quiz since the last reset